LIBRARY ONLINE CATALOGUE

Plantain and banana production and research in West and Central Africa : (Record no. 13677)

MARC details
000 -LEADER
fixed length control field 00858nam a22002052 4500
001 - CONTROL NUMBER
control field 0000018793
005 - DATE AND TIME OF LATEST TRANSACTION
control field 20151217155859.0
008 - FIXED-LENGTH DATA ELEMENTS--GENERAL INFORMATION
fixed length control field 100701s xx 000 0 eng d
040 ## - CATALOGING SOURCE
Original cataloging agency KABU
Transcribing agency KABU
245 10 - TITLE STATEMENT
Title Plantain and banana production and research in West and Central Africa :
Remainder of title proceedings of regional workshop sponsored by the International Institute of Tropical Agriculture (IITA), High Rainfall Station Onne, Rivers State, Nigeria, 23-27 September 1995 /
Statement of responsibility, etc. editors, Rodomiro Ortiz and M. O. Akoroda.
250 ## - EDITION STATEMENT
Edition statement 1st ed.
260 ## - PUBLICATION, DISTRIBUTION, ETC. (IMPRINT)
Place of publication, distribution, etc. Ibadan :
Name of publisher, distributor, etc. IITA,
Date of publication, distribution, etc. 1996.
300 ## - PHYSICAL DESCRIPTION
Extent vii, 166 p.
650 #0 - SUBJECT ADDED ENTRY--TOPICAL TERM
Topical term or geographic name as entry element Bananas
General subdivision Breeding
-- Congresses.
-- 0000163493
700 1# - ADDED ENTRY--PERSONAL NAME
Personal name Ortiz, Rodomiro.
-- 0000178204
700 1# - ADDED ENTRY--PERSONAL NAME
Personal name Akoroda, M. O.
-- 0000178136
852 1# - LOCATION
-- p200 KES
908 ## - PUT COMMAND PARAMETER (RLIN)
Put command parameter 100701
950 ## - LOCAL HOLDINGS (RLIN)
-- 1
Holdings
Withdrawn status Lost status Source of classification or shelving scheme Not for loan Home library Current library Date acquired Total Checkouts Full call number Barcode Date last seen Price effective from Koha item type
    Library of Congress Classification   Kabarak, Main Campus Kabarak, Main Campus 17/12/2015   SB379 .B2P53 1996 c. 1 24768 17/12/2015 17/12/2015 Africana Collection